ბათუმის შოთა რუსთაველის სახელმწიფო უნივერსიტეტის ბიბლიოთეკა

Оптимальное технологическое проектирование нефтепроводов. (ბიბ.ჩანაწერი № 38257)

000 -LEADER
fixed length control field 00611nam a2200193Ia 4500
001 - CONTROL NUMBER
control field 4247
003 - CONTROL NUMBER IDENTIFIER
control field GE_BSU
008 - FIXED-LENGTH DATA ELEMENTS--GENERAL INFORMATION
fixed length control field 181216s||||||||xx |||||||||||||| ||und||
040 ## - CATALOGING SOURCE
Transcribing agency GE_BSU
080 ## - UNIVERSAL DECIMAL CLASSIFICATION NUMBER
Universal Decimal Classification number 622.692.4
100 ## - MAIN ENTRY--PERSONAL NAME
Personal name Тищенко,А.С.
245 ## - TITLE STATEMENT
Title Оптимальное технологическое проектирование нефтепроводов.
260 ## - PUBLICATION, DISTRIBUTION, ETC.
Place of publication, distribution, etc. М.
260 ## - PUBLICATION, DISTRIBUTION, ETC.
Name of publisher, distributor, etc. Недра.
260 ## - PUBLICATION, DISTRIBUTION, ETC.
Date of publication, distribution, etc. 1982.
300 ## - PHYSICAL DESCRIPTION
Extent 263 стр. 22 см.
653 ## - INDEX TERM--UNCONTROLLED
Uncontrolled term Оптимальное технологическое проектирование нефтепроводов.
942 ## - ADDED ENTRY ELEMENTS (KOHA)
Koha item type წიგნი
ეგზემპლარები
Withdrawn status Lost status Damaged status Not for loan Date acquired Barcode Date last seen Price effective from Koha item type Public note
        2018-12-17 9533 2018-12-17 2018-12-17 წიგნი საცავი